Регионална библиотека "Любен Каравелов" - Русе

Физика. (Запис номер 358154)

MARC детайли
000 -Лидер
Контролно поле с фиксирана дължина nam a22 7a 4500
003 - Код на организацията, давaща контролен номер
Контролно поле BLK
005 - Дата и час на последна редакция
Контролно поле 20201007040738.0
008 - Елементи от данни с фиксирана дължина
fixed length control field 200427b bu ||||| |||| 00| 0 bu d
040 ## - Източник на каталожния запис
Идентификатор на билиотеката - собственик на записа BLK
041 ## - Код за език
Код за езика на текст/звукозапис или на отделно заглавие Български
Код за езика КДБФ Български
080 ## - УДК
Текстов определител УДК Физика
УДК код - определител по УДК 53
УДК определител (075.81)
УДК - код + определител 53(075.81
100 ## - Редна дума - Автор
Автор Младенов, Иван
Авторска отговорност първи автор
R(LIN) 1299
139 ## - Редно поле
Редна дума Младенов, Иван
Авторски знак Мл - М 77
245 ## - Сведения за заглавието
Заглавие Физика.
Подзаглавни данни За студенти от ВЛТИ
257 ## - Страна на издаване
Страна на създаване/издаване България
260 ## - Област на издателските данни
9 (RLIN) 221241
Място на издаване, разпространение и проч. София
Име на издателя, разпространителя и проч. Мин. на нар. просвета
Година на издаване 1985
300 ## - Физическа характеристика
Страници 336 с.
Илюстрации и др. с ил.
Размери/Мащаб 22 см.
380 ## - Жанр
Жанр Естествени науки. Математика
500 ## - Общи забележки
Забележка 800 тир.
650 #0 - Допълнително описание по предмет – тема
9 (RLIN) 241824
Основно описание – тема или топоним Физика - учебници за ВУЗ
653 #7 - Ключова дума – ненормативна
9 (RLIN) 199275
Ключова дума физика
999 ## - СИСТЕМНИ КОНТРОЛНИ НОМЕРА
Koha biblionumber 358154
Koha biblioitemnumber 358154
942 ## - АРТИКУЛИ
Вид на библиотечния материал Книги
Скрит в OPAC Не
Периодичен библиозапис Да
944 ## - СЪЗДАВАНЕ И РЕДАКЦИЯ на ЗАПИСА
Създаване/Редакция Създаване
Дата на регистрацията/редакция 2020-04-27
Служител, извършил регистрацията/редакцията Ивелин Русев
Наличности
Код за отписване Код за изгубен артикул Източник на класификационната схема Код за повреда Коз за рестрикции Код за отдаване Артикулен № Име на библиотеката - собственик Име на библиотеката, в която се намира в момента Статус (Текущо местоположение) Дата на вписване в системата Местоположение - отдел Цена в лева Инвентарен номер Систематично азбучна сигнатура Баркод Цена в евро Служебен тип на артикула
  Не е изгубен Universal Decimal Classification Не е повреден без рестрикции ползва се в читалня 765331 Регионална библиотека "Любен Каравелов" Русе Регионална библиотека "Любен Каравелов" Русе Хранилище 2020-04-28 Хранилище 1.30 444408 Цб 140809 120000444408 0.66 Книги
Vip Innovations Ltd, Rousse, Bulgaria 2025